| 000 | 01304cam a2200337 a 4500 | ||
|---|---|---|---|
| 001 | 2993 | ||
| 003 | FISKH | ||
| 005 | 20240130100542.0 | ||
| 008 | 100108r20102010nyu j 000 1 eng | ||
| 010 | _a 2009051483 | ||
| 020 | _a9780545229227 | ||
| 020 | _a9780545336086 | ||
| 040 |
_aDLC _cDLC _dDLC _beng |
||
| 042 | _alcac | ||
| 050 | 0 | 0 |
_aPZ7.W16892 _bCr 2010 |
| 082 | 0 | 0 |
_a[Fic] _222 |
| 100 | 1 |
_aWalsh, Pat, _d1954- |
|
| 245 | 1 | 4 |
_aThe Crowfield curse / _cPat Walsh. |
| 250 | _aFirst Scholastic paperback printing, January 2011 | ||
| 260 |
_aNew York : _bScholastic, _c2010. |
||
| 300 |
_a326 pages : _cillustrations ; _b20 cm |
||
| 520 | _aIn 1347, when fourteen-year-old orphan William Paynel, an impoverished servant at Crowfield Abbey, goes into the forest to gather wood and finds a magical creature caught in a trap, he discovers he has the ability to see fays and becomes embroiled in a strange mystery involving Old Magic, a bitter feud, and ancient secrets. | ||
| 650 | 1 |
_aOrphans _vFiction. |
|
| 650 | 1 |
_aMagic _vFiction. |
|
| 650 | 1 |
_aSecrets _vFiction. |
|
| 650 | 1 |
_aMonasteries _vFiction. |
|
| 650 | 1 |
_aBlessing and cursing _vFiction. |
|
| 651 | 1 |
_aGreat Britain _xHistory _y14th century _vFiction. |
|
| 906 |
_a7 _bcbc _corignew _d1 _eecip _f20 _gy-gencatlg |
||
| 942 |
_2ddc _cBK _n0 |
||
| 999 |
_c2993 _d2993 |
||